A first course in Sobolev spaces / (Record no. 8081)

MARC details
000 -LEADER
fixed length control field 01224cam a2200313 a 4500
001 - CONTROL NUMBER
control field 15639895
003 - CONTROL NUMBER IDENTIFIER
control field NG-AbAUS
005 - DATE AND TIME OF LATEST TRANSACTION
control field 20230319005615.0
008 - FIXED-LENGTH DATA ELEMENTS--GENERAL INFORMATION
fixed length control field 090226s2009 riua b 001 0 eng
010 ## -
-- 2009007620
020 ## - INTERNATIONAL STANDARD BOOK NUMBER
International Standard Book Number 9780821847688 (alk. paper)
020 ## - INTERNATIONAL STANDARD BOOK NUMBER
International Standard Book Number 0821847686 (alk. paper)
035 ## -
-- (OCoLC)ocn311310190
040 ## - CATALOGING SOURCE
Original cataloging agency DLC
Transcribing agency DLC
Modifying agency YDX
-- BTCTA
-- YDXCP
-- SYB
-- BWX
-- DLC
050 00 -
-- QA323
-- .L46 2009
082 00 - DEWEY DECIMAL CLASSIFICATION NUMBER
Classification number 515/.782
Edition number 22
100 1# - MAIN ENTRY--PERSONAL NAME
Personal name Leoni, Giovanni,
Dates associated with a name 1967-
9 (RLIN) 72
245 12 - TITLE STATEMENT
Title A first course in Sobolev spaces /
Statement of responsibility, etc Giovanni Leoni.
260 ## - PUBLICATION, DISTRIBUTION, ETC. (IMPRINT)
Place of publication, distribution, etc Providence, R.I. :
Name of publisher, distributor, etc American Mathematical Society,
Date of publication, distribution, etc c2009.
300 ## - PHYSICAL DESCRIPTION
Extent xvi, 607 p. :
Other physical details ill. ;
Dimensions 27 cm.
490 1# -
-- Graduate studies in mathematics ;
-- v. 105
504 ## -
-- Includes bibliographical references and index.
650 #0 -
-- Sobolev spaces.
-- 64
830 #0 -
-- Graduate studies in mathematics ;
-- v. 105.
-- 73
856 41 -
-- Table of contents only
-- http://www.loc.gov/catdir/toc/fy1002/2009007620.html
906 ## -
-- 7
-- cbc
-- orignew
-- 1
-- ecip
-- 20
-- y-gencatlg
942 ## - ADDED ENTRY ELEMENTS (KOHA)
Source of classification or shelving scheme
Item type Book
955 ## -
-- xh00 2009-02-26
-- xh07 2009-02-26 to Dewey
-- rd11 2009-02-27
-- xe05 2009-09-01 1 copy rec'd., to CIP ver.
-- xh00 2009-09-03 to USPL/STM

No items available.